000 00459nam a2200157Ia 4500
003 GCL
008 140319s9999 xx 000 0 ara d
040 _aGCL /
_cGCL
082 0 4 _aق
_b953.081
_bع م
245 1 0 _aمجالس السلطان الغورى : صفحات من تاريخ مصر فى القرن العاشر الهجرى
300 _a101
490 _aكتاب
_v0
650 0 4 _aمصر
650 0 4 _aالسلطان الغورى
942 _2ddc
_cBK
999 _c42228
_d42228